LIBRARY ONLINE CATALOGUE

Isiolo County development profile / (Record no. 1462)

MARC details
000 -LEADER
fixed length control field 00722cam a22002052 4500
001 - CONTROL NUMBER
control field 0000024796
005 - DATE AND TIME OF LATEST TRANSACTION
control field 20151021151153.0
008 - FIXED-LENGTH DATA ELEMENTS--GENERAL INFORMATION
fixed length control field 140212s xx 000 0 eng d
040 ## - CATALOGING SOURCE
Original cataloging agency KABU
Transcribing agency KABU
110 2# - MAIN ENTRY--CORPORATE NAME
Corporate name or jurisdiction name as entry element Kenya.
Subordinate unit Ministry of Devolution and Planning.
-- 0000185058
245 10 - TITLE STATEMENT
Title Isiolo County development profile /
Statement of responsibility, etc. Ministry of Devolution and Planning.
250 ## - EDITION STATEMENT
Edition statement 1st ed.
260 ## - PUBLICATION, DISTRIBUTION, ETC. (IMPRINT)
Place of publication, distribution, etc. Nairobi :
Name of publisher, distributor, etc. Government Printer,
Date of publication, distribution, etc. 2013.
300 ## - PHYSICAL DESCRIPTION
Extent xvii, 128 p.
610 20 - SUBJECT ADDED ENTRY--CORPORATE NAME
Corporate name or jurisdiction name as entry element Isiolo County (Kenya)
General subdivision Economic conditions.
-- 0000185103
610 20 - SUBJECT ADDED ENTRY--CORPORATE NAME
Corporate name or jurisdiction name as entry element Isiolo County (Kenya)
General subdivision Economic policy.
-- 0000185103
852 1# - LOCATION
-- p500 KES
908 ## - PUT COMMAND PARAMETER (RLIN)
Put command parameter 140212
950 ## - LOCAL HOLDINGS (RLIN)
-- 1
Holdings
Withdrawn status Lost status Source of classification or shelving scheme Not for loan Home library Current library Date acquired Total Checkouts Full call number Barcode Date last seen Price effective from Koha item type
    Library of Congress Classification   Kabarak, Nakuru City Campus Kabarak, Nakuru City Campus 21/10/2015   HC865 .Z7I85 2013 c. 1 016411 21/10/2015 21/10/2015 General Collection